000 00485nam a2200181Ia 4500
005 20250326125533.0
008 250326s9999 xx 000 0 und d
037 _aTextbook
040 _aFMSL
_beng
_cFMSL
041 _aeng
_2eng
084 _aS:7 K62
_qFMSL
100 _aStorr A
_985919
245 0 _aIntegrity of the personality
_cStorr A
260 _aEngland
_bEngland, Pebguin Books
_c1966
300 _a185p
942 _cTB
_hS:7 K62
999 _c1278481
_d1278481